TVET blueprinting : (Record no. 5006)

MARC details
000 -LEADER
fixed length control field 00796nam a2200193 4500
001 - CONTROL NUMBER
control field 5928
005 - DATE AND TIME OF LATEST TRANSACTION
control field 20181127180545.0
110 ## - MAIN ENTRY--CORPORATE NAME
Corporate name or jurisdiction name as entry element Department of Human Resources, Ministry of Labour and Human Resources, Royal Government of Bhutan.
Subordinate unit
Location of meeting
Date of meeting or treaty signing
Relator term
Number of part/section/meeting
Name of part/section of a work
245 00 - TITLE STATEMENT
Title TVET blueprinting :
Remainder of title 2016-2016 /
Statement of responsibility, etc. Department of Human Resources.
Medium
260 00 - PUBLICATION, DISTRIBUTION, ETC.
Place of publication, distribution, etc. Bhutan :
Name of publisher, distributor, etc. Dept. of Human Resources,
Date of publication, distribution, etc. 2016.
300 00 - PHYSICAL DESCRIPTION
Extent 58 p. : graphs, charts.
500 00 - GENERAL NOTE
General note On cover: "A strategic approach to skilling Bhutan"
650 ## - SUBJECT ADDED ENTRY--TOPICAL TERM
Topical term or geographic name entry element Labor market -- Bhutan.
Form subdivision
General subdivision
Chronological subdivision
Geographic subdivision
Source of heading or term
Topical term or geographic name entry element Vocational education -- Planning -- Bhutan.
Form subdivision
General subdivision
Chronological subdivision
Geographic subdivision
Source of heading or term
Topical term or geographic name entry element Employment -- Youth -- Bhutan.
General subdivision
Topical term or geographic name entry element Manpower policy -- Bhutan.
General subdivision
Topical term or geographic name entry element Occupational training -- Planning -- Bhutan.
General subdivision
Holdings
Withdrawn status Lost status Source of classification or shelving scheme Damaged status Not for loan Collection code Home library Current library Shelving location Serial Enumeration / chronology Inventory number Total Checkouts Full call number Barcode Date last seen Price effective from Koha item type
    Dewey Decimal Classification     Main TEST RTC Library RTC Library Main opac 9480   331.11 TVE 30008351 27/11/2018 27/11/2018 Main
Royal Thimphu College || All Right Reserved